000 00637cam a2200145 4500500
005 20260208005827.0
041 _afre
042 _adc
100 1 0 _aMattiussi, Laurent
_eauthor
245 0 0 _aROSELINE HURION, Mallarmé : Une hantise. Préface de MICHEL DEGUY. Paris, L’Harmattan, coll. « L’œuvre et la psyché », 2003. Un vol. 12 × 19 de 160 p.
260 _c2005.
500 _a18
786 0 _nRevue d'histoire littéraire de la France | 105 | 3 | 2005-06-01 | p. 655zq-764zq | 0035-2411
856 4 1 _uhttps://shs.cairn.info/revue-d-histoire-litteraire-de-la-france-2005-3-page-655zq?lang=fr&redirect-ssocas=7080
999 _c1653976
_d1653976